| 000 | 00812nam a2200253Ia 4500 | ||
|---|---|---|---|
| 001 | 266 | ||
| 005 | 20251226111808.0 | ||
| 008 | 251203t2018||||xx |||||||||||||| ||spa|| | ||
| 020 | _a9786124353185 | ||
| 041 | _aESPIN | ||
| 082 |
_a769.985 _bT57 |
||
| 100 |
_aTineo Sanguinetti, Gabriela, _cAUT |
||
| 245 | 0 |
_aOperación Ayar : _bla xilografía de Julio Camino Sánchez |
|
| 246 | _aAyar operation : Julio Camino Sánchez's woodcut | ||
| 250 | _aPrimera edición | ||
| 260 |
_aArequipa : _bUniversidad Católica San Pablo, _c2018 |
||
| 300 |
_a203 páginas : _b ilustraciones ; _c 30 cm. |
||
| 440 | _a(Operación Ayar ; número 4) ; | ||
| 650 | _aABD | ||
| 653 | _aGrabados en madera; Pintura peruana - Siglo XX | ||
| 654 | _aCTP | ||
| 700 |
_aRodríguez Canales, Javier _cAUT |
||
| 942 |
_cLIB _dJUS _fMAT _2ddc |
||
| 999 |
_c266 _d266 |
||